Social work profession in India (Record no. 19937)

MARC details
000 -LEADER
fixed length control field 00301nam a22001217a 4500
020 ## - INTERNATIONAL STANDARD BOOK NUMBER
ISBN 9788189267940
082 ## - DEWEY DECIMAL CLASSIFICATION NUMBER
Classification number 305.8 MIS
100 ## - MAIN ENTRY--AUTHOR NAME
Author name Misra P.D.
-- Beena Misra
245 ## - TITLE STATEMENT
Title Social work profession in India
260 ## - PUBLICATION, DISTRIBUTION, ETC. (IMPRINT)
Place of publication Lucknow
Name of publisher New Royal Book Company
Year of publication 2015
650 ## - SUBJECT ADDED ENTRY--TOPICAL TERM
Topical Term social work
942 ## - ADDED ENTRY ELEMENTS (KOHA)
Koha item type Books
Holdings
Home library Current library Shelving location Date acquired Source of acquisition Cost, normal purchase price Full call number Accession Number Koha item type
Henry Martyn Institute Library Henry Martyn Institute Library General stacks 01/19/2016 flipkart 700.00 305.8 MIS 25007 Books
                   Copyright © 2026 | Henry Martyn Institute | Hyderabad | TS-500052 | INDIA | Implemented by hmi.edu.in
Hit-Count:

Powered by Koha